| 000 | 00719nam a2200193Ia 4500 | ||
|---|---|---|---|
| 008 | 151121s9999||||xx |||||||||||||| ||und|| | ||
| 082 | _a370।1/कुलक | ||
| 082 | _bHNW-78316 | ||
| 100 | _aकुलकर्णी अनिल | ||
| 245 | _aशिक्षणाचे बदलते संदर्भ | ||
| 260 | _b"साकेत प्रकाशन, औरंगाबाद।" | ||
| 260 | _c-- | ||
| 300 | _a140 | ||
| 600 | _aकुलकर्णी अनिल | ||
| 630 | _aशिक्षणाचे बदलते संदर्भ | ||
| 700 | _aकुलकर्णी अनिल | ||
| 730 | _aशिक्षणाचे बदलते संदर्भ | ||
| 942 | _cBOOK | ||
| 999 |
_c1259722 _d1259719 |
||